Tesoros de la pintura en el Ermitage de Leningrado (Record no. 6304)

MARC details
000 -CABECERA
campo de control de longitud fija 01129nam a2200301 a 4500
001 - NÚMERO DE CONTROL
campo de control BRCA_6620
005 - FECHA Y HORA DE LA ÚLTIMA TRANSACCIÓN
campo de control 20190320205529.0
008 - DATOS DE LONGITUD FIJA--INFORMACIÓN GENERAL
campo de control de longitud fija 041011s1967----sp-a######---#000-0#spa-#
041 ## - CÓDIGO DE LENGUA
Código de lengua del texto/banda sonora o título independiente spa
044 ## - CÓDIGO DEL PAÍS DE LA ENTIDAD EDITORA/PRODUCTORA
Código MARC del país sp
050 #4 - SIGNATURA TOPOGRÁFICA DE LA BIBLIOTECA DEL CONGRESO
Número de clasificación ND1452
Número de documento/Ítem .D47 1967
100 1# - ENTRADA PRINCIPAL--NOMBRE DE PERSONA
Nombre de persona Descargues, Pierre
9 (RLIN) 2245
245 10 - MENCIÓN DE TÍTULO
Título Tesoros de la pintura en el Ermitage de Leningrado
Mención de responsabilidad, etc. Pierre Descargues ; traducción de Antonio G. Valiente ; revisión y dirección Teodoro Miciano.
250 ## - MENCIÓN DE EDICIÓN
Mención de edición 3
260 ## - PUBLICACIÓN, DISTRIBUCIÓN, ETC.
Lugar de publicación, distribución, etc. Madrid
Nombre del editor, distribuidor, etc. Daimon, Manuel Tamayo
Fecha de publicación, distribución, etc. 1967
300 ## - DESCRIPCIÓN FÍSICA
Extensión 319 p.
Otras características físicas il. (algunas a color)
Dimensiones 22 cm.
440 #0 - MENCIÓN DE SERIE/PUNTO DE ACCESO ADICIONAL--TÍTULO
Título Colección Tesoros de los grandes museos
9 (RLIN) 12343
500 ## - NOTA GENERAL
Nota general Incluye índice de ilustraciones e índice de nombres citados
500 ## - NOTA GENERAL
Nota general Traducción de: Le Musée de L´Ermitage
500 ## - NOTA GENERAL
Nota general Donación Dra. Elsa Barberena
610 24 - PUNTO DE ACCESO ADICIONAL DE MATERIA--NOMBRE DE ENTIDAD CORPORATIVA
Nombre de entidad corporativa o nombre de jurisdicción como elemento de entrada Museo del Ermitage (San Petersburgo, Rusia)
Subdivisión general Colecciones de arte
9 (RLIN) 14483
650 14 - PUNTO DE ACCESO ADICIONAL DE MATERIA--TÉRMINO DE MATERIA
Término de materia o nombre geográfico como elemento de entrada Pintura
Subdivisión cronológica Siglo XV-XX
Subdivisión geográfica Rusia
9 (RLIN) 16574
650 14 - PUNTO DE ACCESO ADICIONAL DE MATERIA--TÉRMINO DE MATERIA
Término de materia o nombre geográfico como elemento de entrada Museos de arte
Subdivisión general Antigüedades
9 (RLIN) 16575
700 1# - PUNTO DE ACCESO ADICIONAL--NOMBRE DE PERSONA
Nombre de persona Valiente, Antonio G.
Término indicativo de función/relación tr.
9 (RLIN) 16576
700 1# - PUNTO DE ACCESO ADICIONAL--NOMBRE DE PERSONA
Nombre de persona Miciano, Teodoro
9 (RLIN) 12347
902 ## - CATALOGADOR
Iniciales DEB
942 ## - ELEMENTOS DE PUNTO DE ACCESO ADICIONAL (KOHA)
Fuente del sistema de clasificación o colocación Library of Congress Classification
Tipo de ítem Koha Libros
Holdings
Estado de retiro Estado de pérdida Estado dañado No para préstamo Localización permanente Ubicación/localización actual Fecha de adquisición Total de préstamos Signatura topográfica completa Código de barras Fecha visto por última vez Precio válido a partir de Tipo de ítem Koha
El ejemplar forma parte de la colección y puede ser consultado según las políticas vigentes.       Biblioteca del Museo Franz Mayer (Rogerio Casas-Alatriste) Biblioteca del Museo Franz Mayer (Rogerio Casas-Alatriste) 04/10/2011   ND1452 .D47 1967 DEB00067 22/03/2019 22/03/2019 Libros